Electronic points of view (Record no. 70799)
[ view plain ]
| 000 -LEADER | |
|---|---|
| fixed length control field | 01172cam a2200217 4500 |
| 001 - CONTROL NUMBER | |
| control field | ABS65769 |
| 008 - FIXED-LENGTH DATA ELEMENTS--GENERAL INFORMATION | |
| fixed length control field | 020723n2002 000 0 eng u |
| 035 ## - SYSTEM CONTROL NUMBER | |
| System control number | (Sirsi) u119005 |
| 100 ## - MAIN ENTRY--PERSONAL NAME | |
| Personal name | Colby, A |
| 245 ## - TITLE STATEMENT | |
| Title | Electronic points of view |
| 260 ## - PUBLICATION, DISTRIBUTION, ETC. | |
| Date of publication, distribution, etc. | 2002 |
| 490 ## - SERIES STATEMENT | |
| Series statement | Estates Gazette |
| Volume/sequential designation | (0227) 6 July 2002, 133(1) |
| 520 ## - SUMMARY, ETC. | |
| Summary, etc. | Following the publication of the Land Registry's consultation paper on e-conveyancing, article explains how the proposals will affect the property industry and encourages agents and surveyors to respond. Briefly discusses issues relating to the introduction of sellers' packs and access to the electronic conveyancing network, and questions how e-conveyancing will impact on practitioners' work. Concludes that the best e-conveyancing system will be one created with the full support of the property industry. Consultation deadline is 30 August 2002. Consultation paper available at www.e-conveyancing.gov.uk |
| 590 ## - LOCAL NOTE (RLIN) | |
| Local note | ABS |
| 650 ## - SUBJECT ADDED ENTRY--TOPICAL TERM | |
| Topical term or geographic name entry element | PROPERTY INDUSTRY |
| 650 ## - SUBJECT ADDED ENTRY--TOPICAL TERM | |
| Topical term or geographic name entry element | PROPERTY TRANSACTIONS |
| 650 ## - SUBJECT ADDED ENTRY--TOPICAL TERM | |
| Topical term or geographic name entry element | HM LAND REGISTRY |
| 650 ## - SUBJECT ADDED ENTRY--TOPICAL TERM | |
| Topical term or geographic name entry element | HOME INFORMATION PACKS |
| 690 ## - LOCAL SUBJECT ADDED ENTRY--TOPICAL TERM (OCLC, RLIN) | |
| Topical term or geographic name as entry element | PROPERTY AND LAND LAW-CONVEYANCING |
| 942 ## - ADDED ENTRY ELEMENTS (KOHA) | |
| Suppress in OPAC | 0 |
| Withdrawn status | Lost status | Source of classification or shelving scheme | Damaged status | Not for loan | Home library | Current library | Shelving location | Date acquired | Total Checkouts | Full call number | Barcode | Date last seen | Copy number | Price effective from | Koha item type |
|---|---|---|---|---|---|---|---|---|---|---|---|---|---|---|---|
| Dewey Decimal Classification | London | London | Journal article | 23/07/2002 | ABS65769 | 119005-1001 | 06/08/2019 | 1 | 06/08/2019 | Journal article |